Capitales de África en un mapa - Estadísticas

Estadísticas generales
  • Esta prueba ha sido intentada 756 veces
    376 desde el último reinicio
  • La puntuación promedio es 33 de 54
Respuestas en el mapa
Las respuestas están codificadas por una escala verde-roja en el mapa de la prueba según el % correcto abajo.
 
Estadísticas de respuestas
Country Capital % Correcto
Egipto El Cairo
97%
Marruecos Rabat
96%
Argelia Argel
95%
Túnez Túnez
91%
Sudafrica Pretoria / Ciudad del Cabo / Bloemfontein
88%
Libia Trípoli
85%
Senegal Dakar
82%
Kenia Nairobi
77%
Yibuti Yibuti
76%
Madagascar Antananarivo
75%
Etiopía Adís Abeba
73%
San Tomé y Príncipe Santo Tomé
72%
Guinea-Bissau Bisáu
71%
Somalia Mogadiscio
71%
Cabo Verde Praia
71%
Angola Luanda
69%
Nigeria Abuya
66%
Ghana Acra
66%
República del Congo Brazzaville
66%
Seychelles Victoria
66%
Sierra Leona Freetown
65%
Gabón Libreville
65%
Mozambique Maputo
65%
Sudan Jartum
64%
Burkina Faso Uagadugú
64%
República Democratica del Congo Kinsasa
63%
Benín Porto Novo / Cotonú
59%
Sudan del Sur Yuba
58%
Mauricio Port Louis
56%
Mauritania Nuakchot
55%
Eritrea Asmara
54%
Guinea Conakri
53%
Liberia Monrovia
53%
Camerún Yaundé
53%
Costa de Marfil Yamusukro
51%
Guinea Ecuatorial Ciudad de la Paz
50%
Togo Lomé
50%
Namibia Windhoek
50%
Mali Bamako
48%
Botsuana Gaborone
47%
Uganda Kampala
47%
Ruanda Kigali
47%
Zambia Lusaka
47%
Esuatini Mbabane
47%
Chad Yamena
47%
Zimbabue Harare
46%
Gambia Banjul
45%
Tanzania Dodoma
45%
Burundi Gitega
43%
Comoras Moroni
43%
República Centroafricana Bangui
42%
Niger Niamey
41%
Malaui Lilongüe
40%
Lesoto Maseru
37%
No se encontraron pruebas coincidentes
Distribución de puntuación
Porcentaje de gente con cada puntuación
Porcentaje por número respondido
Historial de tus puntuaciones
No has intentado esta prueba desde el último reinicio